The cultural experience : ethnography in complex society
Αποθηκεύτηκε σε:
| Κύριος συγγραφέας: | |
|---|---|
| Άλλοι συγγραφείς: | , |
| Μορφή: | Βιβλίο |
| Γλώσσα: | English |
| Δημοσίευση: |
Long Grove, Ill. :
Waveland Press,
c2005
|
| Έκδοση: | 2nd ed. |
| Θέματα: | |
| Ετικέτες: |
Προσθήκη ετικέτας
Δεν υπάρχουν, Καταχωρήστε ετικέτα πρώτοι!
|
MARC
| LEADER | 00000cam a2200000 i 4500 | ||
|---|---|---|---|
| 001 | 1/5038 | ||
| 008 | 100301s2005 eng d | ||
| 020 | |a 978-1-57766-364-5 (pbk.) | ||
| 020 | |a 1-57766-364-0 (pbk.) | ||
| 035 | |l 10107023 | ||
| 040 | |a GR-MY-UA |b gre |e aacr | ||
| 041 | 0 | |a eng | |
| 082 | 0 | |a 305.800723 |2 (22) | |
| 100 | 1 | |a McCurdy, David W. | |
| 245 | 1 | 4 | |a The cultural experience : |b ethnography in complex society / |c David W. McCurdy, James P. Spradley, Dianna J. Shandy |
| 250 | |a 2nd ed. | ||
| 260 | |a Long Grove, Ill. : |b Waveland Press, |c c2005 | ||
| 300 | |a x, 190 σ.; |b εικ.; |c 23 εκ. | ||
| 504 | |a Περιέχει βιβλιογραφικές παραπομπές | ||
| 650 | 0 | 0 | |a Ethnology |x Fieldwork. |
| 650 | 0 | 0 | |a Urban anthropology. |
| 650 | 0 | 0 | |a Ethnology |x Study and teaching (Higher) |
| 700 | 1 | |a Spradley, James P. | |
| 700 | 1 | |a Shandy, Dianna J. | |
| 852 | |a INST |b LESVOS |e 20100301 |h 305.800723 MCC |p 005100046745 |q 005100046745 |t BK |y 0 | ||
| 901 | |a BIBL1-2010-1 | ||
| 909 | |a Λ |b 162890 | ||
| 970 | |a ΚΑΡΑ |b ΓΙΑΣΕΜΗ |z 2010/03/01 | ||